Protoplast isolation of Boesenbergia rotunda cell suspension culture /
Saved in:
| Main Author: | |
|---|---|
| Format: | Thesis Book |
| Language: | English |
| Subjects: | |
| Tags: |
Add Tag
No Tags, Be the first to tag this record!
|
| LEADER | 01137cam a2200301 i 4500 | ||
|---|---|---|---|
| 001 | u1009743 | ||
| 003 | SIRSI | ||
| 005 | 201502050948 | ||
| 008 | 150205s2014 my a t 000 0 eng m | ||
| 040 | |a UMM |d AUM |e rda | ||
| 090 | |a TP248.15 |b UM 2014 Tan | ||
| 100 | 1 | |a Tan, Hao Cheak, |e author. | |
| 245 | 1 | 0 | |a Protoplast isolation of Boesenbergia rotunda cell suspension culture / |c Tan Hao Cheak |
| 264 | 1 | |c 2014 | |
| 264 | |c 2014 | ||
| 336 | |a text |2 rdacontent | ||
| 337 | |a unmediated |2 rdamedia | ||
| 338 | |a volume |2 rdacarrier | ||
| 502 | |b M.Biotech. |c Institut Sains Biologi, Fakulti Sains, Universiti Malaya, |d 2014. | ||
| 504 | |a Bibliography: leaves 47-61 | ||
| 530 | |a Also issued in CD. | ||
| 650 | 0 | |a Plant tissue culture | |
| 650 | 0 | |a Plant cell culture | |
| 710 | 2 | |a Universiti Malaya. |b Fakulti Sains, |e degree granting institution. | |
| 900 | |a NSR | ||
| 596 | |a 1 25 | ||
| 999 | |a TP248.15 UM 2014 TAN |w LC |c 1 |i A516123160 |d 18/2/2016 |f 18/2/2016 |g 1 |l STACKS |m P01UTAMA |r Y |s Y |t TESIS |u 17/2/2016 |1 STEM | ||
| 999 | |a TP248.15 UM 2014 TAN |w LC |c 1 |i A516260228 |f 25/1/2021 |g 1 |l STACKS |m P25UMARCHI |r N |s Y |t CD |u 29/7/2015 |1 STEM |o .STAFF. MST-CD9263 | ||
